000
00491nam a2200169Ia 4500
008
090711s9999 xx 000 0 und d
082
_b
44320
100
_a
तोरसेकर भाऊ
245
_a
दुर्मिळ रक्त
260
_c
1982
300
_a
207
600
_a
तोरसेकर भाऊ
630
_a
दुर्मिळ रक्त
700
_a
तोरसेकर भाऊ
730
_a
दुर्मिळ रक्त
942
_c
BOOK
999
_c
314864
_d
314864